| 000 | 00582nam a2200193 i 4500 | ||
|---|---|---|---|
| 001 | 82399 | ||
| 003 | ES-MaACL | ||
| 005 | 20250812024130.0 | ||
| 007 | t| | ||
| 008 | 041110s1944 sp ||||1| spa d | ||
| 100 | 1 |
_aIgual Ubeda, Antonio. _965156 |
|
| 245 | 1 | 0 |
_aCompendio histórico del Arte Universal / _cAntonio Igual Ubeda. |
| 250 | _a1ª ed. | ||
| 260 |
_aBarcelon : _bEdiciones Ars, _c[1944] ( _fViladot) |
||
| 300 |
_a2 v., 1 lám. : _bil. ; _c20 cm. |
||
| 650 | 0 | 4 |
_aArte- _vHistoria _910107 |
| 852 |
_aES-MaACL _jB-10231-32 _bR.21700 |
||
| 999 |
_c82399 _d82399 |
||